| 000 | 00397nam a2200121Ia 4500 | ||
|---|---|---|---|
| 008 | 210430s9999 xx 000 0 und d | ||
| 082 | _a620.1126 B223F | ||
| 100 |
_aRolfe Stanley T,Barsom JohnM. _954818 |
||
| 245 |
_aFracture And Fatigue Control In Structures Application Of Fracture Mechanics _cRolfe Stanley T,Barsom JohnM. |
||
| 260 |
_aNew Jersey _c1990 |
||
| 300 | _a562p. | ||
| 942 |
_cBK _2ddc |
||
| 999 |
_c565578 _d565578 |
||